| 000 | 00950nam a2200265 i 4500 | ||
|---|---|---|---|
| 001 | 175926 | ||
| 003 | ES-MaACL | ||
| 005 | 20260306132315.0 | ||
| 007 | t| | ||
| 008 | 101201s2010 sp a ||||1| spa d | ||
| 080 | _a2-87 | ||
| 100 | 1 |
_aRussell, Bertrand, _d1872-1970 _9101033 |
|
| 245 | 1 | 0 |
_aPor qué no soy cristiano / _cBertrand Russell ; [edición de Paul Edwards ; traducción de Josefina Martínez Alinani, revisada por Javier Lacruz]. |
| 260 |
_a[Madrid] : _bDiario Público, _cD. L. 2010. |
||
| 300 |
_a319 p. : _bil. ; _c18 cm. |
||
| 490 | 1 | _aBiblioteca pensamiento crítico | |
| 594 | _aTít. original: Why I am not a Christian. | ||
| 650 | 0 | 4 |
_aLibrepensamiento. _914423 |
| 700 | 1 |
_aEdwards, Paul. _9137966 |
|
| 700 | 0 |
_aMartínez Alinari, Josefina _977838 |
|
| 700 | 0 |
_aLacruz, Javier. _969410 |
|
| 830 | 0 |
_aBiblioteca pensamiento crítico _9189844 |
|
| 852 |
_aES-MaACL _jE-13739 |
||
| 999 |
_c175926 _d175926 |
||